[Event "Quebec-ch U20"]
[Site "Montreal CAN"]
[Date "2010.03.14"]
[Round "4"]
[White "Xu, Tian Run"]
[Black "Samikov, Chingis"]
[Result "0-1"]
[WhiteElo "1586"]
[BlackElo "1187"]
[PlyCount "118"]
[EventDate "2010.03.12"]
[EventType "swiss"]
[EventRounds "5"]
[EventCountry "CAN"]

1. e4 c5 2. Nf3 d6 3. d4 cxd4 4. Nxd4 Nf6 5. Nc3 a6 6. Be3 e5 7. Nb3 Be6 8. f3
Be7 9. Bd3 O-O 10. O-O Qc7 11. Qd2 Rd8 12. Qf2 Nbd7 13. Na4 Bxb3 14. cxb3 b5
15. Nb6 Rab8 16. Nxd7 Qxd7 17. Rac1 Rdc8 18. Rfd1 Rxc1 19. Rxc1 Rc8 20. Rxc8+
Qxc8 21. Qc2 Qxc2 22. Bxc2 Kf8 23. Bd3 d5 24. Bb6 Nd7 25. Bc7 dxe4 26. Bxe4
Bc5+ 27. Kf1 Bd4 28. Bb7 Nc5 29. Bd6+ Ke8 30. Bxc5 Bxc5 31. Bxa6 b4 32. Bc4 Bd4
33. a3 Bxb2 34. axb4 f5 35. Ke2 Bd4 36. Kd3 Kd7 37. Bd5 Kc7 38. Kc4 Kb6 39. b5
g5 40. h3 Kc7 41. Be6 f4 42. Kd5 Kb6 43. Bd7 Kc7 44. Bc6 h6 45. Ke6 Bc3 46. Kf6
e4+ 47. Kg6 e3 48. Kxh6 e2 49. Kxg5 e1=Q 50. Kxf4 Qe5+ 51. Kg4 Qe6+ 52. Kf4
Qxb3 53. h4 Qf7+ 54. Kg4 Qe6+ 55. Kf4 Bd2+ 56. Kg3 Qe3 57. Kh3 Qf2 58. Kh2 Bf4+
59. Kh1 Qf1# 0-1

[Event "Quebec-ch U20"]
[Site "Montreal CAN"]
[Date "2010.03.14"]
[Round "5"]
[White "Jiang, Louie"]
[Black "Wu, Qiyou"]
[Result "1-0"]
[WhiteElo "2321"]
[BlackElo "1715"]
[PlyCount "79"]
[EventDate "2010.03.12"]
[EventType "swiss"]
[EventRounds "5"]
[EventCountry "CAN"]

1. e4 c5 2. Nf3 d6 3. d4 cxd4 4. Nxd4 Nf6 5. f3 g6 6. c4 Bg7 7. Nc3 O-O 8. Be3
Nc6 9. Nc2 Be6 10. Qd2 Rc8 11. Rc1 a6 12. Be2 Ne5 13. b3 Bd7 14. O-O Re8 15.
Rfd1 Qa5 16. Nd4 Nc6 17. Bf1 Nxd4 18. Bxd4 Bc6 19. Kh1 Nd7 20. Be3 Qd8 21. b4
Ne5 22. b5 Bd7 23. Nd5 Be6 24. Nb6 Rc7 25. c5 Nd7 26. bxa6 bxa6 27. Bxa6 dxc5
28. Bb5 Bd4 29. Bxd7 Bxd7 30. Bxd4 cxd4 31. Qxd4 Rxc1 32. Rxc1 Be6 33. Qxd8
Rxd8 34. a4 Rb8 35. a5 Kg7 36. Kg1 f5 37. Rc6 fxe4 38. Rxe6 exf3 39. Rxe7+ Kf6
40. Nd7+ 1-0

[Event "Quebec-ch U20"]
[Site "Montreal CAN"]
[Date "2010.03.14"]
[Round "5"]
[White "Lepine, Cedric"]
[Black "Chang, Michael"]
[Result "1-0"]
[WhiteElo "1842"]
[BlackElo "1584"]
[PlyCount "65"]
[EventDate "2010.03.12"]
[EventType "swiss"]
[EventRounds "5"]
[EventCountry "CAN"]

1. e4 c6 2. d4 d5 3. e5 Bf5 4. f4 h5 5. Nf3 e6 6. Bd3 Bxd3 7. Qxd3 Ne7 8. Nc3
Nf5 9. Bd2 Nd7 10. O-O-O Qc7 11. h3 h4 12. Ne2 Be7 13. Rdg1 O-O-O 14. g4 hxg3
15. Nxg3 Nxg3 16. Rxg3 g6 17. h4 Rh5 18. Rgh3 Rdh8 19. Ng5 Bxg5 20. hxg5 Qd8
21. Rxh5 gxh5 22. Qf3 Qg8 23. Rxh5 Rxh5 24. Qxh5 Qg7 25. Bb4 b6 26. Qh6 Qg8 27.
f5 c5 28. g6 fxg6 29. fxg6 Qd8 30. Bd2 Kc7 31. Qh7 Qf8 32. Kb1 Qf5 33. Qh6 1-0

[Event "Quebec-ch U20"]
[Site "Montreal CAN"]
[Date "2010.03.14"]
[Round "5"]
[White "Ma, Indy"]
[Black "Sarrazin-Gendron, Roman"]
[Result "0-1"]
[WhiteElo "1335"]
[BlackElo "1919"]
[PlyCount "98"]
[EventDate "2010.03.12"]
[EventType "swiss"]
[EventRounds "5"]
[EventCountry "CAN"]

1. d4 Nf6 2. c4 g6 3. Nc3 Bg7 4. e4 d6 5. Nf3 O-O 6. Be2 e5 7. d5 Na6 8. Bg5 h6
9. Bxf6 Bxf6 10. O-O Bg7 11. Nd2 f5 12. f4 Nc5 13. Qe1 fxe4 14. fxe5 Bxe5 15.
Rxf8+ Qxf8 16. Qh4 Bf5 17. Rf1 Qg7 18. Ndxe4 Nxe4 19. Nxe4 Bxb2 20. Ng3 Bc2 21.
Qf4 g5 22. Qd2 Qd4+ 23. Qxd4 Bxd4+ 24. Kh1 Rf8 25. Rc1 Bg6 26. Rd1 Bc5 27. Bg4
Rf2 28. a4 Ra2 29. Be6+ Kh7 30. Bd7 Bf2 31. Nf5 Rc2 32. h3 Rxc4 33. Rf1 Rc2 34.
Rb1 Bb6 35. Re1 Rd2 36. Re7+ Kh8 37. Be6 Bxf5 38. Bxf5 Rxd5 39. Be4 Rd4 40.
Bxb7 Rxa4 41. Bc6 Rf4 42. Re2 Kg7 43. g4 a5 44. Kg2 Rd4 45. Kf3 Rd3+ 46. Kg2
Re3 47. Rd2 Kf6 48. Rf2+ Ke6 49. Rd2 Re5 0-1

[Event "Quebec-ch U20"]
[Site "Montreal CAN"]
[Date "2010.03.14"]
[Round "5"]
[White "MacIsaac, Alexandre"]
[Black "Dumont, Felix"]
[Result "0-1"]
[WhiteElo "1622"]
[BlackElo "2007"]
[PlyCount "32"]
[EventDate "2010.03.12"]
[EventType "swiss"]
[EventRounds "5"]
[EventCountry "CAN"]

1. e4 c5 2. Nf3 d6 3. d4 cxd4 4. Nxd4 Nf6 5. Nc3 a6 6. Be3 e5 7. Nf3 Be7 8. Bc4
O-O 9. O-O Qc7 10. Bb3 b5 11. a3 Bb7 12. Nd5 Nxd5 13. Bxd5 Nd7 14. Rc1 Nf6 15.
Qd3 Bxd5 16. exd5 e4 0-1

[Event "Quebec-ch U20"]
[Site "Montreal CAN"]
[Date "2010.03.14"]
[Round "5"]
[White "Modwal, Sankalp"]
[Black "Sprumont, Oscar"]
[Result "1-0"]
[WhiteElo "2233"]
[BlackElo "1631"]
[PlyCount "46"]
[EventDate "2010.03.12"]
[EventType "swiss"]
[EventRounds "5"]
[EventCountry "CAN"]

1. e4 e5 2. Nf3 Nc6 3. Bc4 Bc5 4. c3 Nf6 5. d3 d6 6. Nbd2 O-O 7. O-O Na5 8. Bb5
c6 9. Ba4 b5 10. Bc2 Bb6 11. Re1 Re8 12. Nf1 Nb7 13. Ng3 Bd7 14. Be3 Ng4 15.
Bxb6 Qxb6 16. Qe2 Rf8 17. h3 Nh6 18. d4 exd4 19. cxd4 c5 20. e5 cxd4 21. Qe4 g6
22. Qh4 Kg7 23. Nh5+ gxh5 1-0

[Event "Quebec-ch U20"]
[Site "Montreal CAN"]
[Date "2010.03.14"]
[Round "5"]
[White "Poulin, Mathieu"]
[Black "Cote-Lalumiere, Tristan"]
[Result "0-1"]
[WhiteElo "1963"]
[BlackElo "1619"]
[PlyCount "82"]
[EventDate "2010.03.12"]
[EventType "swiss"]
[EventRounds "5"]
[EventCountry "CAN"]

1. d4 Nf6 2. c4 c5 3. d5 b5 4. cxb5 a6 5. b6 Qxb6 6. Nc3 d6 7. e4 g6 8. h3 Bg7
9. Nf3 Nbd7 10. Bd3 O-O 11. O-O a5 12. Na4 Qc7 13. Qe2 Nb6 14. Nxb6 Qxb6 15.
Nd2 Ba6 16. Rb1 Rfb8 17. b3 Nd7 18. Bxa6 Qxa6 19. Qxa6 Rxa6 20. f4 a4 21. Bb2
axb3 22. Bxg7 Kxg7 23. axb3 Ra2 24. Rf2 Nf6 25. g4 Rb4 26. Re1 Rd4 27. Ree2 Rd3
28. Kg2 Rc3 29. g5 Nh5 30. e5 Rd3 31. f5 dxe5 32. f6+ exf6 33. gxf6+ Kh6 34.
Kg1 Nf4 35. Nc4 Rxe2 36. Rxe2 Nxe2+ 37. Kf2 Nf4 38. d6 Nxh3+ 39. Ke2 Nf4+ 40.
Kf2 Rxb3 41. Nxe5 Nd3+ 0-1

[Event "Quebec-ch U20"]
[Site "Montreal CAN"]
[Date "2010.03.14"]
[Round "5"]
[White "Samikov, Chingis"]
[Black "Gu, Sheng Ming"]
[Result "0-1"]
[WhiteElo "1187"]
[BlackElo "1394"]
[PlyCount "92"]
[EventDate "2010.03.12"]
[EventType "swiss"]
[EventRounds "5"]
[EventCountry "CAN"]

1. e4 c5 2. Nf3 e6 3. d4 cxd4 4. Nxd4 Nf6 5. Nc3 Nc6 6. Nxc6 bxc6 7. Bd3 Bb4 8.
Be3 h6 9. Qd2 d5 10. exd5 cxd5 11. Bb5+ Bd7 12. Bxd7+ Qxd7 13. O-O O-O 14. Bd4
Ne4 15. Qd3 f5 16. a3 Bxc3 17. Bxc3 Nxc3 18. Qxc3 Rfc8 19. Qd2 Rab8 20. c3 Qb5
21. Rab1 Qc4 22. Rfd1 Rb7 23. Qd3 Qxd3 24. Rxd3 Rb3 25. Kf1 Kf7 26. Ke2 Rcb8
27. Rd2 Rxa3 28. Kd3 Rab3 29. Ra1 Rxb2 30. Rxa7+ Kf6 31. Ra2 Rxa2 32. Rxa2 Rb1
33. f4 g5 34. g3 h5 35. fxg5+ Kxg5 36. Re2 Rb6 37. Kd4 Rc6 38. Ke5 Rc4 39. Kxe6
Re4+ 40. Kxd5 Rxe2 41. c4 Rxh2 42. c5 Kg4 43. Kd6 Kxg3 44. c6 Rc2 45. Kd7 Rxc6
46. Kxc6 f4 0-1

[Event "Quebec-ch U20"]
[Site "Montreal CAN"]
[Date "2010.03.14"]
[Round "5"]
[White "Shi, Ling Yun"]
[Black "Perna-Fraser, David"]
[Result "1-0"]
[WhiteElo "1254"]
[BlackElo "1606"]
[PlyCount "43"]
[EventDate "2010.03.12"]
[EventType "swiss"]
[EventRounds "5"]
[EventCountry "CAN"]

1. e4 e6 2. d4 d5 3. exd5 exd5 4. Nc3 Nf6 5. Nf3 Be7 6. Bf4 a6 7. Be2 O-O 8.
O-O Nc6 9. Re1 Bb4 10. h3 Ne4 11. Bd2 Nxd2 12. Qxd2 Bxc3 13. Qxc3 Qf6 14. Bd3
Kh8 15. Re3 Bd7 16. Rae1 Rae8 17. Ne5 Nxe5 18. Rxe5 c6 19. Qb4 g6 20. Rxe8 Rxe8
21. Rxe8+ Bxe8 22. Qf8# 1-0

[Event "Quebec-ch U20"]
[Site "Montreal CAN"]
[Date "2010.03.14"]
[Round "5"]
[White "Wang, Kelly"]
[Black "Ngabe, Jessica"]
[Result "1-0"]
[WhiteElo "1518"]
[BlackElo "1138"]
[PlyCount "65"]
[EventDate "2010.03.12"]
[EventType "swiss"]
[EventRounds "5"]
[EventCountry "CAN"]

1. e4 e5 2. Nf3 d6 3. d4 f6 4. h3 Be7 5. Nc3 Be6 6. Be2 f5 7. exf5 Bxf5 8. dxe5
Be6 9. exd6 Bxd6 10. O-O Ne7 11. Ng5 Qd7 12. Nxe6 Qxe6 13. b3 a6 14. Re1 Nbc6
15. Bh5+ Qg6 16. Bxg6+ hxg6 17. Bg5 O-O-O 18. Qg4+ Rd7 19. Bxe7 Nxe7 20. Rad1
Rhd8 21. Ne4 Kb8 22. Nxd6 cxd6 23. Re6 Nf5 24. Rde1 Rc8 25. Qxg6 Nd4 26. Re8
Rdc7 27. Rxc8+ Rxc8 28. Qxd6+ Ka8 29. Qxd4 Rg8 30. Qd7 Ka7 31. Re7 Rb8 32. Qc7
Ka8 33. Rxg7 1-0

[Event "Quebec-ch U20"]
[Site "Montreal CAN"]
[Date "2010.03.14"]
[Round "5"]
[White "Xu, Tian Run"]
[Black "Nevarko, Serguei"]
[Result "1-0"]
[WhiteElo "1586"]
[BlackElo "1248"]
[PlyCount "55"]
[EventDate "2010.03.12"]
[EventType "swiss"]
[EventRounds "5"]
[EventCountry "CAN"]

1. e4 e5 2. Nf3 Nc6 3. Bc4 Nf6 4. d3 Bc5 5. Nc3 h6 6. h3 O-O 7. Be3 Bxe3 8.
fxe3 Re8 9. O-O Na5 10. Bb3 Nxb3 11. axb3 b6 12. Re1 Bb7 13. Nd2 d5 14. exd5
Nxd5 15. Nxd5 Qxd5 16. e4 Qd4+ 17. Kh1 Qxb2 18. Nc4 Qc3 19. Rf1 a5 20. Ne3 Rad8
21. Qh5 Rd7 22. Nf5 Qxc2 23. Qg4 f6 24. Nxh6+ Kf8 25. Qxd7 Re7 26. Qd8+ Re8 27.
Rxf6+ gxf6 28. Qxf6# 1-0

[Event "Quebec-ch U20"]
[Site "Montreal CAN"]
[Date "2010.03.14"]
[Round "5"]
[White "Zhu, Hong Rui"]
[Black "Dobrev, Martin"]
[Result "1-0"]
[WhiteElo "1767"]
[BlackElo "1846"]
[PlyCount "105"]
[EventDate "2010.03.12"]
[EventType "swiss"]
[EventRounds "5"]
[EventCountry "CAN"]

1. e4 c6 2. d4 d5 3. exd5 cxd5 4. Bd3 Nc6 5. c3 Nf6 6. h3 e6 7. Bf4 Bd6 8. Bxd6
Qxd6 9. Nf3 O-O 10. O-O Rb8 11. a4 Bd7 12. Nbd2 a6 13. Qc2 Rfc8 14. Nb3 Nb4 15.
Qe2 Nxd3 16. Qxd3 Ne4 17. Nbd2 Qf4 18. Qe3 Qxe3 19. fxe3 Ng3 20. Rfe1 b5 21.
axb5 Bxb5 22. Kf2 Ne4+ 23. Nxe4 dxe4 24. Nd2 Bd3 25. Ra2 g5 26. Rc1 f5 27. c4
Kf7 28. b3 Rb6 29. Rca1 Rcc6 30. Rc1 Rb4 31. Ra5 Kf6 32. Kg3 Rb7 33. Rca1 Rbb6
34. R1a2 Kg6 35. Re5 Rc7 36. Raa5 Rf7 37. Kh2 h6 38. Kg1 Rf6 39. g3 Bc2 40. Ra3
Rf7 41. Rea5 Ra7 42. c5 Rb4 43. Rxa6 Rxa6 44. Rxa6 Bxb3 45. Rb6 Rxb6 46. cxb6
Bd5 47. Nc4 Kf6 48. Nd6 e5 49. dxe5+ Kxe5 50. b7 Bxb7 51. Nxb7 f4 52. Kf2 h5
53. Nd8 1-0

[Event "Quebec-ch qual"]
[Site "Gatineau CAN"]
[Date "2010.03.09"]
[Round "1"]
[White "Arsenault, Yves"]
[Black "Desjardins, Michel"]
[Result "1/2-1/2"]
[WhiteElo "1539"]
[BlackElo "2031"]
[PlyCount "75"]
[EventDate "2010.03.09"]
[EventType "swiss"]
[EventRounds "5"]
[EventCountry "CAN"]
[Source "ChessBase"]
[SourceDate "2011.11.26"]

1. e4 d5 2. exd5 Qxd5 3. Nc3 Qd6 4. Nf3 Nf6 5. d4 a6 6. Ne2 b5 7. c3 Bb7 8. Bf4
Qb6 9. Ng3 e6 10. Be2 Nbd7 11. O-O c5 12. Rc1 Be7 13. Re1 O-O 14. Ne5 Rfd8 15.
Nxd7 Rxd7 16. Be5 Rad8 17. Bf3 Bc6 18. Bxc6 Qxc6 19. Nh5 Nxh5 20. Qxh5 Rd5 21.
Qf3 Qb6 22. Qg3 Bf8 23. Bc7 Qa7 24. Bxd8 Rxd8 25. dxc5 Bxc5 26. Rcd1 Rc8 27.
Rd2 b4 28. Red1 Qe7 29. c4 e5 30. Rd5 Bd4 31. b3 h6 32. Re1 Qf6 33. Re2 Qc6 34.
Kf1 Rf8 35. f4 f6 36. f5 Qc8 37. Qg6 Rd8 38. Rxd8+ 1/2-1/2

[Event "Quebec-ch qual"]
[Site "Gatineau CAN"]
[Date "2010.03.09"]
[Round "1"]
[White "Beland, Guy"]
[Black "Laurin, Jacques"]
[Result "0-1"]
[WhiteElo "1432"]
[BlackElo "1904"]
[PlyCount "74"]
[EventDate "2010.03.09"]
[EventType "swiss"]
[EventRounds "5"]
[EventCountry "CAN"]
[Source "ChessBase"]
[SourceDate "2011.11.26"]

1. e4 d6 2. d4 Nf6 3. Nc3 g6 4. h3 Bg7 5. Be3 c6 6. Be2 Qa5 7. Qd2 e5 8. Nf3
O-O 9. a3 b5 10. O-O Nh5 11. b4 Qc7 12. d5 a6 13. Nh2 Nf4 14. Bxf4 exf4 15.
Rad1 c5 16. Na2 f5 17. exf5 Bxf5 18. c4 Nd7 19. Bg4 bxc4 20. Bxf5 Rxf5 21. Nc3
cxb4 22. axb4 Ne5 23. Rfe1 Qb6 24. Rb1 Nd3 25. Re4 Bxc3 26. Qe2 Ne5 27. Nf3
Nxf3+ 28. gxf3 Rg5+ 29. Kh2 Rf8 30. Rxc4 Re5 31. Qf1 Bd4 32. Rc6 Qd8 33. Qxa6
Qh4 34. Rxd6 Qxf2+ 35. Kh1 Qxf3+ 36. Kh2 Qg3+ 37. Kh1 Qxh3# 0-1

[Event "Quebec-ch qual"]
[Site "Gatineau CAN"]
[Date "2010.03.09"]
[Round "1"]
[White "Berthiaume, Patrick"]
[Black "Lacourse, Guy"]
[Result "0-1"]
[WhiteElo "1225"]
[BlackElo "1703"]
[PlyCount "84"]
[EventDate "2010.03.09"]
[EventType "swiss"]
[EventRounds "5"]
[EventCountry "CAN"]
[Source "ChessBase"]
[SourceDate "2011.11.26"]

1. e4 c5 2. Nf3 e6 3. d4 cxd4 4. Nxd4 Nf6 5. Nc3 d6 6. Bc4 a6 7. a4 Be7 8. O-O
Bd7 9. f4 Qc7 10. Qe2 Nc6 11. Nf3 O-O 12. e5 dxe5 13. Nxe5 Nd4 14. Qd3 Rfd8 15.
Be3 Be8 16. Kh1 Nb3 17. Qe2 Nxa1 18. Rxa1 Bc5 19. Bd2 Bb4 20. Rd1 Bxc3 21. Bxc3
Rxd1+ 22. Qxd1 Rd8 23. Qe2 Qd6 24. Bd3 Bxa4 25. b3 Be8 26. Kg1 b5 27. Bd2 Qd4+
28. Be3 Qa1+ 29. Kf2 Nd5 30. Qh5 g6 31. Qh6 Nxe3 32. Kxe3 Qd4+ 33. Kf3 a5 34.
Kg4 Qd6 35. h4 f5+ 36. Kg3 Qe7 37. Nf3 a4 38. h5 a3 39. hxg6 Bxg6 40. Nh4 a2
41. Nxg6 hxg6 42. Qxg6+ Qg7 0-1

[Event "Quebec-ch qual"]
[Site "Gatineau CAN"]
[Date "2010.03.09"]
[Round "1"]
[White "Cossette, Daniel"]
[Black "Menard, Marc"]
[Result "1-0"]
[WhiteElo "2035"]
[BlackElo "1550"]
[PlyCount "43"]
[EventDate "2010.03.09"]
[EventType "swiss"]
[EventRounds "5"]
[EventCountry "CAN"]
[Source "ChessBase"]
[SourceDate "2011.11.26"]

1. e4 e5 2. Nf3 Nc6 3. d4 exd4 4. c3 d6 5. cxd4 Nf6 6. Nc3 g6 7. Bc4 Bg7 8. h3
O-O 9. O-O a6 10. a4 Ne7 11. Re1 d5 12. exd5 Nexd5 13. Bg5 Nxc3 14. bxc3 h6 15.
Bc1 g5 16. Ba3 Re8 17. Qb3 Qd7 18. Ne5 Rxe5 19. dxe5 Nh7 20. e6 Qe8 21. exf7+
Kh8 22. Rxe8+ 1-0

[Event "Quebec-ch qual"]
[Site "Gatineau CAN"]
[Date "2010.03.09"]
[Round "1"]
[White "Dagenais, Benoit"]
[Black "Guimond, Michel"]
[Result "0-1"]
[WhiteElo "1434"]
[BlackElo "1957"]
[PlyCount "62"]
[EventDate "2010.03.09"]
[EventType "swiss"]
[EventRounds "5"]
[EventCountry "CAN"]
[Source "ChessBase"]
[SourceDate "2011.11.26"]

1. g3 e5 2. Nf3 d6 3. Bg2 f5 4. d3 h6 5. Nc3 g5 6. b3 Ne7 7. Bb2 Bg7 8. Nd2 Be6
9. Bxb7 Nbc6 10. Bxa8 Qxa8 11. Nb5 Qb7 12. Nc3 Nd4 13. Rg1 g4 14. e3 Ndc6 15.
e4 O-O 16. exf5 Nxf5 17. Nce4 Nb4 18. a3 Na6 19. Qe2 d5 20. Nc3 Nd4 21. Qd1 e4
22. dxe4 dxe4 23. Qc1 Nc5 24. Ne2 Nxc2+ 25. Kd1 Nd3 26. Qxc2 Bxb2 27. Ra2 Nxf2+
28. Ke1 Nd3+ 29. Kd1 Bg7 30. Rf1 Rxf1+ 31. Nxf1 Bxb3 0-1

[Event "Quebec-ch qual"]
[Site "Gatineau CAN"]
[Date "2010.03.09"]
[Round "1"]
[White "Danilov, Alex"]
[Black "Labelle, Raymond"]
[Result "1-0"]
[WhiteElo "1824"]
[BlackElo "1385"]
[PlyCount "47"]
[EventDate "2010.03.09"]
[EventType "swiss"]
[EventRounds "5"]
[EventCountry "CAN"]
[Source "ChessBase"]
[SourceDate "2011.11.26"]

1. e4 e5 2. Nf3 Nc6 3. Bb5 a6 4. Ba4 b5 5. Bb3 Na5 6. Bd5 c6 7. b4 cxd5 8. bxa5
dxe4 9. Nxe5 Qf6 10. Bb2 Bd6 11. Nc4 Qg6 12. Nxd6+ Kd8 13. O-O Nh6 14. Nxc8
Rxc8 15. d3 Re8 16. Re1 exd3 17. Rxe8+ Kxe8 18. cxd3 Rc5 19. Qe1+ Kd8 20. Ba3
Rc2 21. Be7+ Kc8 22. Na3 Rb2 23. Rc1+ Kb7 24. Qc3 1-0

[Event "Quebec-ch qual"]
[Site "Gatineau CAN"]
[Date "2010.03.09"]
[Round "1"]
[White "Gagnon, Fabien"]
[Black "Pilon, Robert"]
[Result "1-0"]
[WhiteElo "1922"]
[BlackElo "1439"]
[PlyCount "57"]
[EventDate "2010.03.09"]
[EventType "swiss"]
[EventRounds "5"]
[EventCountry "CAN"]
[Source "ChessBase"]
[SourceDate "2011.11.26"]

1. d4 Nf6 2. Nf3 d5 3. g3 b6 4. Bg2 Bb7 5. O-O e6 6. Ne5 Nbd7 7. c4 c6 8. Nc3
Be7 9. b3 O-O 10. Bb2 Nxe5 11. dxe5 Nd7 12. f4 f6 13. cxd5 cxd5 14. Nb5 fxe5
15. fxe5 Rxf1+ 16. Qxf1 Nf8 17. Qf4 Bc6 18. Nd6 Be8 19. Rf1 Ng6 20. Qg4 Nf8 21.
Bh3 Qd7 22. e4 dxe4 23. Qxe4 Qc6 24. Qf4 Bg6 25. Bg2 Qc2 26. Bxa8 Qxb2 27. Rf2
Qb1+ 28. Kg2 Bd3 29. Qf7+ 1-0

[Event "Quebec-ch qual"]
[Site "Gatineau CAN"]
[Date "2010.03.09"]
[Round "1"]
[White "Groleau, Gilles"]
[Black "Lavergne, Daniel"]
[Result "1/2-1/2"]
[WhiteElo "1982"]
[BlackElo "1538"]
[PlyCount "87"]
[EventDate "2010.03.09"]
[EventType "swiss"]
[EventRounds "5"]
[EventCountry "CAN"]
[Source "ChessBase"]
[SourceDate "2011.11.26"]

1. e4 e5 2. Nf3 Nc6 3. Bb5 a6 4. Ba4 Nf6 5. Qe2 b5 6. Bb3 Bc5 7. a4 Rb8 8. axb5
axb5 9. Nc3 O-O 10. O-O d6 11. h3 Ne7 12. d3 c6 13. Be3 Qc7 14. d4 Bb6 15. dxe5
dxe5 16. Bxb6 Rxb6 17. Qe3 Ng6 18. Rfd1 c5 19. Nd5 Nxd5 20. Bxd5 Nf4 21. Kh2
Rh6 22. Ng1 g5 23. f3 Qe7 24. g4 c4 25. Ra7 Qb4 26. Qa3 Nxd5 27. exd5 Qxa3 28.
bxa3 e4 29. Kg3 f5 30. gxf5 Bxf5 31. fxe4 Bxe4 32. c3 Rd6 33. Re1 Rf4 34. Re3
Rxd5 35. Ne2 Rdf5 36. Nd4 Rf6 37. Re7 Bf5 38. Nxb5 h5 39. Re8+ Kg7 40. R3e7+
Kg6 41. Rg8+ Kh6 42. Rh8+ Kg6 43. Rg8+ Kh6 44. Rh8+ 1/2-1/2

[Event "Quebec-ch qual"]
[Site "Gatineau CAN"]
[Date "2010.03.09"]
[Round "1"]
[White "Jiang, Qizhe"]
[Black "Mohit, Surdasji"]
[Result "0-1"]
[WhiteElo "1198"]
[BlackElo "1568"]
[PlyCount "60"]
[EventDate "2010.03.09"]
[EventType "swiss"]
[EventRounds "5"]
[EventCountry "CAN"]
[Source "ChessBase"]
[SourceDate "2011.11.26"]

1. e4 Nf6 2. Nc3 d5 3. d3 c5 4. Bg5 d4 5. Bxf6 exf6 6. Nd5 Bd6 7. Be2 Be6 8.
Bf3 O-O 9. Ne2 Nd7 10. c3 Qa5 11. O-O Bxd5 12. exd5 Ne5 13. Be4 dxc3 14. Nxc3
b5 15. a3 Qb6 16. Rc1 a6 17. Ne2 Rfe8 18. Ng3 g6 19. Kh1 Rad8 20. f4 Nd7 21.
Qg4 Kh8 22. Rf3 f5 23. Nxf5 Nf6 24. Qh4 Nxe4 25. Nxd6 Nxd6 26. Rh3 h5 27. g4
Kg7 28. gxh5 Nf5 29. h6+ Kh7 30. Qg4 Rxd5 0-1

[Event "Quebec-ch qual"]
[Site "Gatineau CAN"]
[Date "2010.03.09"]
[Round "1"]
[White "Levesque, Andre"]
[Black "Scantland, Patrick"]
[Result "0-1"]
[WhiteElo "1364"]
[BlackElo "1756"]
[PlyCount "106"]
[EventDate "2010.03.09"]
[EventType "swiss"]
[EventRounds "5"]
[EventCountry "CAN"]
[Source "ChessBase"]
[SourceDate "2011.11.26"]

1. e4 c5 2. Nc3 g6 3. g3 Bg7 4. Bg2 Nc6 5. d3 e6 6. f4 Nge7 7. Nf3 d6 8. O-O
Nd4 9. Be3 Nec6 10. Rb1 Rb8 11. a3 O-O 12. Ne2 Nxf3+ 13. Bxf3 Nd4 14. Nxd4 cxd4
15. Bd2 b5 16. h3 a5 17. b4 axb4 18. Bxb4 Re8 19. Bg2 Qc7 20. g4 f5 21. g5 Bd7
22. h4 e5 23. Bd2 Rec8 24. Rc1 exf4 25. Bxf4 Be5 26. h5 d5 27. Bxe5 Qxe5 28.
exd5 Qe3+ 29. Kh1 Qxg5 30. hxg6 hxg6 31. Qe1 Re8 32. Qf2 Re3 33. Qf4 Qxf4 34.
Rxf4 b4 35. axb4 Rxb4 36. c3 Rb2 37. Rxd4 Ree2 38. Rg1 g5 39. c4 f4 40. Re4
Red2 41. Re5 Bh3 42. Rxg5+ Kf7 43. d6 f3 44. Rg7+ Kxg7 45. Bxh3+ Kf6 46. Bg2
fxg2+ 47. Rxg2 Rb1+ 48. Kh2 Rxd3 49. c5 Rc1 50. Rf2+ Ke6 51. Re2+ Kd5 52. d7
Kxc5 53. Re7 Rc2+ 0-1

[Event "Quebec-ch qual"]
[Site "Gatineau CAN"]
[Date "2010.03.09"]
[Round "1"]
[White "Libersan, Mattieu"]
[Black "Sabourin, Yves"]
[Result "1-0"]
[WhiteElo "1867"]
[BlackElo "1427"]
[PlyCount "81"]
[EventDate "2010.03.09"]
[EventType "swiss"]
[EventRounds "5"]
[EventCountry "CAN"]
[Source "ChessBase"]
[SourceDate "2011.11.26"]

1. e4 e5 2. Nf3 Nf6 3. Nxe5 d6 4. Nf3 Nxe4 5. Nc3 Nxc3 6. dxc3 Nc6 7. Be3 Be7
8. Qd2 Ne5 9. Be2 Bg4 10. Nxe5 Bxe2 11. Nxf7 Kxf7 12. Qxe2 c6 13. O-O Re8 14.
Rfe1 Bf6 15. Qg4 a6 16. Bd4 Bxd4 17. Qxd4 Qf6 18. Qxf6+ Kxf6 19. Kf1 d5 20.
Rxe8 Rxe8 21. Re1 Rxe1+ 22. Kxe1 Ke5 23. Ke2 g5 24. Ke3 b6 25. f3 c5 26. g3 Kf5
27. b3 a5 28. a4 Ke5 29. Kd3 h5 30. c4 h4 31. cxd5 Kxd5 32. gxh4 gxh4 33. f4 h3
34. c4+ Ke6 35. Ke4 Kf6 36. f5 Kf7 37. Kf4 Kg7 38. Kg5 Kg8 39. Kg6 Kf8 40. Kf6
Ke8 41. Kg7 1-0

[Event "Quebec-ch qual"]
[Site "Gatineau CAN"]
[Date "2010.03.09"]
[Round "1"]
[White "MacIsaac, Alexandre"]
[Black "Berthiaume, Serge"]
[Result "1-0"]
[WhiteElo "1622"]
[BlackElo "1309"]
[PlyCount "97"]
[EventDate "2010.03.09"]
[EventType "swiss"]
[EventRounds "5"]
[EventCountry "CAN"]
[Source "ChessBase"]
[SourceDate "2011.11.26"]

1. e4 e5 2. Nf3 Nf6 3. Nxe5 d6 4. Nf3 Nxe4 5. Nc3 Nxc3 6. dxc3 Be7 7. Bd3 Nc6
8. O-O Bg4 9. Re1 O-O 10. Bf4 Bf6 11. Re3 Ne5 12. Be2 Nxf3+ 13. Bxf3 Bxf3 14.
Qxf3 Qd7 15. Rae1 Qb5 16. c4 Qd7 17. b3 Rfe8 18. Qxb7 Bd4 19. Rxe8+ Rxe8 20.
Rxe8+ Qxe8 21. Bd2 Bb6 22. h3 h6 23. Qf3 Qe5 24. Bc3 Qe6 25. Qg4 Qxg4 26. hxg4
Kh7 27. a4 a5 28. Kf1 c5 29. f4 f6 30. Ke2 Kg6 31. Kf3 Kf7 32. Ke4 Ke6 33. f5+
Kd7 34. Kd5 Bc7 35. Bd2 Bb6 36. c3 Bc7 37. b4 Bb6 38. Be1 Bc7 39. bxc5 dxc5 40.
Kxc5 Bd6+ 41. Kb5 Bc7 42. c5 Kc8 43. c4 Kb7 44. c6+ Ka7 45. Bxa5 Be5 46. c7 Kb7
47. c5 Kc8 48. Kc6 Bd4 49. Bb6 1-0

[Event "Quebec-ch qual"]
[Site "Gatineau CAN"]
[Date "2010.03.09"]
[Round "1"]
[White "Thibault, Mario"]
[Black "Morel, Joseph"]
[Result "1-0"]
[WhiteElo "1733"]
[BlackElo "1292"]
[PlyCount "65"]
[EventDate "2010.03.09"]
[EventType "swiss"]
[EventRounds "5"]
[EventCountry "CAN"]
[Source "ChessBase"]
[SourceDate "2011.11.26"]

1. e4 e6 2. d3 d6 3. Nf3 Nf6 4. g3 Nc6 5. Bg2 h6 6. O-O Be7 7. b3 e5 8. Bb2 Be6
9. Nbd2 Qd7 10. d4 exd4 11. Nxd4 Bg4 12. f3 Bh5 13. Nf5 O-O 14. Bh3 Kh7 15. Kg2
Ne5 16. Nxg7 Qc6 17. Nxh5 Nxh5 18. f4 Nxf4+ 19. Rxf4 Bg5 20. Bf5+ Kh8 21. Rf2
Be3 22. Re2 Bxd2 23. Rxd2 Rad8 24. Qh5 d5 25. exd5 Qd6 26. Rad1 Kg8 27. c4 Rd7
28. Rf1 Re8 29. Rdf2 Ng6 30. Qg4 c6 31. Be6 Kh7 32. Rxf7+ Rxf7 33. Rxf7+ 1-0

[Event "Quebec-ch qual"]
[Site "Gatineau CAN"]
[Date "2010.03.09"]
[Round "1"]
[White "Wilson, Alan"]
[Black "Arsenault, Michel"]
[Result "0-1"]
[WhiteElo "1405"]
[BlackElo "1840"]
[PlyCount "70"]
[EventDate "2010.03.09"]
[EventType "swiss"]
[EventRounds "5"]
[EventCountry "CAN"]
[Source "ChessBase"]
[SourceDate "2011.11.26"]

1. e4 c5 2. Nf3 e6 3. d4 cxd4 4. Nxd4 Nf6 5. Nc3 d6 6. Nf3 Nc6 7. Bb5 Bd7 8.
Bxc6 bxc6 9. e5 Nd5 10. Bg5 Be7 11. exd6 Bxg5 12. Ne4 Bf6 13. O-O O-O 14. Re1
Bxb2 15. Rb1 Nc3 16. Nxc3 Bxc3 17. Re3 Bf6 18. g3 Rb8 19. h4 Qa5 20. Rbb3 Qxa2
21. Ra3 Qb1 22. Qxb1 Rxb1+ 23. Kh2 Rb7 24. Re2 c5 25. Ne5 Bxe5 26. Rxe5 Rc8 27.
c4 Rc6 28. Ra5 Rxd6 29. Rexc5 Rd2 30. Kg2 f6 31. Ra6 Kf8 32. Rca5 Rbb2 33. Rxa7
Rxf2+ 34. Kh3 f5 35. Rxd7 Rh2# 0-1